[Event "GER-ch North Seniors 48th"]
[Site "Sottrum"]
[Date "2014.05.28"]
[Round "4"]
[White "Kujat, Werner"]
[Black "Klein, Manfred"]
[Result "1/2-1/2"]
[WhiteElo "1814"]
[BlackElo "1820"]
[PlyCount "89"]
[EventDate "2014.05.26"]
[EventType "swiss"]
[EventRounds "7"]
[EventCountry "GER"]
[SourceTitle "EXT 2018"]
[Source "ChessBase"]
[SourceDate "2017.10.13"]
[SourceVersion "1"]
[SourceVersionDate "2017.10.13"]
[SourceQuality "1"]

1. d4 Nf6 2. c4 g6 3. Nc3 d5 4. e3 Bg7 5. Nf3 0-0 6. Be2 dxc4 7. Bxc4 c5 8. 0-0 Nc6 9. dxc5 Qa5 10. Qb3 Qxc5 11. Be2 Bf5 12. Qb5 Qxb5 13. Nxb5 Rfd8 14. Nbd4 Nxd4 15. exd4 Rac8 16. Bd1 Ne4 17. Be3 Nd6 18. Bb3 Bd3 19. Rac1 Bc4 20. Bxc4 Nxc4 21. b3 Nd6 22. Rxc8 Rxc8 23. Rc1 Rd8 24. g3 Nb5 25. Rc4 b6 26. a4 Nd6 27. Rc7 Nf5 28. Rxa7 Bxd4 29. Bxd4 Nxd4 30. Nxd4 Rxd4 31. Rxe7 Rd1+ 32. Kg2 Rb1 33. Re3 Rb2 34. h4 Kg7 35. g4 Kf6 36. Kg3 h5 37. Rf3+ Ke6 38. gxh5 gxh5 39. Rd3 Ke5 40. f3 Rb1 41. Re3+ Kf5 42. Rd3 Ke5 43. Rc3 Rg1+ 44. Kf2 Rb1 45. Rd3 1/2-1/2

[Event "Niedersachsen-ch Seniors 42th"]
[Site "Sottrum"]
[Date "2008.04.16"]
[Round "7"]
[White "Ahrens, Gerhard"]
[Black "Kujat, Werner"]
[Result "1-0"]
[WhiteElo "1802"]
[BlackElo "1577"]
[PlyCount "67"]
[EventDate "2008.04.10"]
[EventType "swiss"]
[EventRounds "9"]
[EventCountry "GER"]
[SourceTitle "EXT 2022"]
[Source "ChessBase"]
[SourceDate "2021.10.06"]
[SourceVersion "1"]
[SourceVersionDate "2021.10.06"]
[SourceQuality "1"]

1. e4 e6 2. Nf3 d6 3. Bc4 Be7 4. Nc3 a6 5. a3 b5 6. Ba2 Bb7 7. d4 Nd7 8. 0-0 Ngf6 9. Re1 0-0 10. Ng5 h6 11. Nh3 Bc8 12. f4 c6 13. e5 Nd5 14. Nxd5 cxd5 15. f5 dxe5 16. dxe5 Bc5+ 17. Kh1 Qh4 18. Bf4 exf5 19. Bxd5 Ra7 20. b4 Bb6 21. e6 fxe6 22. Bxe6+ Kh8 23. Bd6 Qf6 24. Bxf8 Qxf8 25. Nf4 Kh7 26. Qh5 Qf6 27. Bxf5+ Kg8 28. Qe8+ Qf8 29. Be6+ Kh7 30. Bxd7 Qxf4 31. Bxc8 Rf7 32. Qe4+ Qxe4 33. Rxe4 Rf2 34. Bxa6 1-0

[Event "Niedersachsen-ch Seniors 42th"]
[Site "Sottrum"]
[Date "2008.04.12"]
[Round "3"]
[White "Addicks, Addick"]
[Black "Kujat, Werner"]
[Result "0-1"]
[WhiteElo "1007"]
[BlackElo "1577"]
[PlyCount "64"]
[EventDate "2008.04.10"]
[EventType "swiss"]
[EventRounds "9"]
[EventCountry "GER"]
[SourceTitle "EXT 2022"]
[Source "ChessBase"]
[SourceDate "2021.10.06"]
[SourceVersion "1"]
[SourceVersionDate "2021.10.06"]
[SourceQuality "1"]

1. e4 e6 2. a3 g6 3. Nf3 Bg7 4. d4 d6 5. Bc4 Ne7 6. 0-0 0-0 7. c3 c6 8. Qe2 d5 9. Ba2 dxe4 10. Qxe4 Nf5 11. Rd1 Nd7 12. Bg5 Qe8 13. Re1 Nf6 14. Bxf6 Bxf6 15. g4 Ne7 16. Nbd2 Qd7 17. Ne5 Bxe5 18. Qxe5 Nd5 19. Ne4 Qd8 20. c4 f6 21. Qg3 Nb6 22. c5 Nd5 23. Rad1 g5 24. h4 h6 25. Kg2 Nf4+ 26. Kh2 Nd3 27. Qxd3 Kg7 28. Nd6 e5 29. dxe5 Bxg4 30. f3 Bc8 31. Qe4 f5 32. e6 fxe4 0-1

[Event "Niedersachsen-ch Seniors 41st"]
[Site "Sottrum"]
[Date "2007.03.26"]
[Round "5"]
[White "Kujat, Werner"]
[Black "Kluger, Hans Peter"]
[Result "1/2-1/2"]
[WhiteElo "1612"]
[BlackElo "1703"]
[PlyCount "34"]
[EventDate "2007.03.22"]
[EventType "swiss"]
[EventRounds "9"]
[EventCountry "GER"]
[SourceTitle "EXT 2022"]
[Source "ChessBase"]
[SourceDate "2021.10.06"]
[SourceVersion "1"]
[SourceVersionDate "2021.10.06"]
[SourceQuality "1"]

1. d4 d5 2. g3 g6 3. Bg2 Bg7 4. Nf3 Nf6 5. 0-0 0-0 6. c3 c6 7. Ne5 Nbd7 8. Nxd7 Bxd7 9. Nd2 Qc7 10. e4 dxe4 11. Nxe4 Nxe4 12. Bxe4 Rad8 13. Qc2 e5 14. dxe5 Bxe5 15. Be3 Bh3 16. Bg2 Bf5 17. Be4 Bh3 1/2-1/2